| 000 | 00898nam a22002417a 4500 | ||
|---|---|---|---|
| 005 | 20100806144713.0 | ||
| 010 | _aHIN-90033 | ||
| 020 |
_c125.00 _a9788187182776 |
||
| 035 | _aHN-62379 | ||
| 037 | _bDBAD / PUB | ||
| 082 | _a921 | ||
| 100 |
_aशकुन, सत्य _97843 |
||
| 245 |
_aमहाराणा प्रताप / _cसत्य शकुन |
||
| 246 |
_aMaharana Pratap _bby Satya Shakun |
||
| 260 |
_aदिल्ली _bसूर्य-भारती प्रकाशन _c2008 |
||
| 270 |
_a2596/ नई सड़क _bदिल्ली _e110006 |
||
| 300 |
_a92पृ _c22सेमी (सजिल्द) |
||
| 700 | _97228 | ||
| 700 | _97267 | ||
| 700 | _97698 | ||
| 942 |
_adpl _cHN _k _2ddc _mशकुन _h921 |
||
| 999 |
_c39817 _d39817 |
||